|
|
|
|
| LEADER |
00000nab a2200000uu 4500 |
| 001 |
vtls011136356 |
| 003 |
SK-MaSNL |
| 005 |
20260303125439.0 |
| 008 |
230218|2009 xo |||||||||||||||||cze| |
| 015 |
|
|
|a SNBRB
|
| 035 |
|
|
|a (urnnbn)urn:nbn:sk:snk:ar-007q40
|
| 035 |
|
|
|a (uuid)374de466-e67f-4537-9e4e-0f760ac081c0
|
| 035 |
|
|
|a urn:nbn:sk:snk-abap85
|
| 040 |
|
|
|a SNKBUCL
|b slo
|c SNKBUCL
|e AACR2
|
| 041 |
0 |
|
|a cze
|
| 044 |
|
|
|a xo
|c SK
|
| 100 |
1 |
|
|a Čermáková, S.
|4 aut
|9 1143916
|
| 245 |
1 |
0 |
|a Aberace vyššího řádu u zdravé populace nad 40 let
|c S. Čermáková, Š. Skorkovská
|
| 700 |
1 |
|
|a Skorkovská, Š.
|4 aut
|9 1143574
|
| 773 |
0 |
|
|t Česká a slovenská oftalmologie : časopis České oftalmologické společnosti a Slovenské oftalmologické společnosti
|g Roč. 65, č. 6 (2009), s. 223-226
|
| 954 |
|
|
|a odborná, vedecká literatúra cudzojazyčná (svetová)
|2 lita
|
| 958 |
|
|
|a OND
|
| 958 |
|
|
|a EUIPO
|
| 958 |
|
|
|a article14
|
| 999 |
|
|
|c 1934821
|d 1936751
|